[Event "European Individual Chess Championship 2017"]
[Site "Minsk"]
[Date "2017.06.03"]
[Round "5.18"]
[White "Anton Guijarro, David"]
[Black "Bortnyk, Olexandr"]
[Result "1-0"]
[BlackElo "2567"]
[WhiteElo "2660"]
[LiveChessVersion "1.4.8"]

1. d4 {[%clk 1:30:54]} Nf6 {[%clk 1:30:51]} 2. c4 {[%clk 1:30:51]} b6
{[%clk 1:31:15]} 3. f3 {[%clk 1:29:23]} Bb7 {[%clk 1:30:02]} 4. e4
{[%clk 1:28:15]} e6 {[%clk 1:28:46]} 5. Nc3 {[%clk 1:20:30]} Bb4 {[%clk 1:19:58]}
6. Bd3 {[%clk 1:20:19]} O-O {[%clk 1:12:16]} 7. Nge2 {[%clk 1:15:58]} d5
{[%clk 1:07:27]} 8. cxd5 {[%clk 1:14:47]} exd5 {[%clk 1:07:53]} 9. e5
{[%clk 1:15:03]} Nfd7 {[%clk 1:08:16]} 10. a3 {[%clk 1:10:15]} Be7
{[%clk 1:03:01]} 11. Qc2 {[%clk 1:00:57]} h6 {[%clk 0:58:02]} 12. Nf4
{[%clk 1:00:11]} Bg5 {[%clk 0:52:18]} 13. O-O {[%clk 0:39:46]} c5
{[%clk 0:35:02]} 14. Nfe2 {[%clk 0:29:29]} cxd4 {[%clk 0:23:38]} 15. f4
{[%clk 0:29:33]} dxc3 {[%clk 0:24:04]} 16. fxg5 {[%clk 0:29:56]} cxb2
{[%clk 0:24:28]} 17. Bxb2 {[%clk 0:25:23]} Qxg5 {[%clk 0:24:07]} 18. Nf4
{[%clk 0:16:58]} Qe7 {[%clk 0:10:17]} 19. Bh7+ {[%clk 0:12:53]} Kh8
{[%clk 0:10:44]} 20. e6 {[%clk 0:12:22]} Rc8 {[%clk 0:05:51]} 21. Qf5
{[%clk 0:09:41]} Nf6 {[%clk 0:02:03]} 22. exf7 {[%clk 0:06:37]} Qxf7
{[%clk 0:02:19]} 23. Bxf6 {[%clk 0:04:38]} gxf6 {[%clk 0:02:45]} 24. Ng6+
{[%clk 0:04:12]} Kg7 {[%clk 0:03:10]} 25. Ne5 {[%clk 0:03:54]} Qe8
{[%clk 0:03:36]} 26. Rae1 {[%clk 0:04:10]} Nc6 {[%clk 0:03:03]} 27. Qxf6+
{[%clk 0:03:27]} Kxh7 {[%clk 0:03:29]} 28. Nxc6 {[%clk 0:03:41]} Rxc6
{[%clk 0:03:54]} 29. Re7+ {[%clk 0:04:07]} 1-0

[Event "European Individual Chess Championship 2017"]
[Site "?"]
[Date "2017.06.03"]
[Round "5.45"]
[White "Gabrielian, Artur"]
[Black "Ragger, Markus"]
[Result "1/2-1/2"]
[BlackElo "2680"]
[WhiteElo "2525"]
[LiveChessVersion "1.4.8"]

1. e4 {[%clk 1:30:57]} e6 {[%clk 1:30:58]} 2. d4 {[%clk 1:31:21]} d5
{[%clk 1:31:24]} 3. Nc3 {[%clk 1:31:48]} Bb4 {[%clk 1:31:49]} 4. exd5
{[%clk 1:28:53]} exd5 {[%clk 1:32:09]} 5. Bd3 {[%clk 1:29:20]} Nc6
{[%clk 1:32:11]} 6. Nge2 {[%clk 1:28:39]} Nge7 {[%clk 1:29:46]} 7. O-O
{[%clk 1:28:40]} Bf5 {[%clk 1:27:38]} 8. Be3 {[%clk 1:22:03]} Qd7
{[%clk 1:18:56]} 9. a3 {[%clk 1:20:08]} Bxc3 {[%clk 1:17:53]} 10. Nxc3
{[%clk 1:20:33]} O-O {[%clk 1:18:15]} 11. Re1 {[%clk 1:20:28]} Rfe8
{[%clk 1:17:00]} 12. f3 {[%clk 1:17:36]} Nd8 {[%clk 1:08:46]} 13. Bf1
{[%clk 1:13:29]} Nc8 {[%clk 1:02:25]} 14. Qd2 {[%clk 1:11:15]} c6
{[%clk 0:55:35]} 15. Bf2 {[%clk 1:07:34]} Ne6 {[%clk 0:52:18]} 16. Nd1
{[%clk 1:04:46]} Nd6 {[%clk 0:51:58]} 17. Ne3 {[%clk 1:05:10]} Bg6
{[%clk 0:52:10]} 18. b3 {[%clk 1:01:27]} Nf5 {[%clk 0:49:48]} 1/2-1/2

[Event "European Individual Chess Championship 2017"]
[Site "?"]
[Date "2017.06.03"]
[Round "5.81"]
[White "Korchmar, Vasiliy"]
[Black "Boruchovsky, Avital"]
[Result "0-1"]
[BlackElo "2557"]
[WhiteElo "2422"]
[LiveChessVersion "1.4.8"]

1. d4 {[%clk 1:30:56]} e6 {[%clk 1:30:45]} 2. c4 {[%clk 1:30:34]} Bb4+
{[%clk 1:31:06]} 3. Nc3 {[%clk 1:30:46]} b6 {[%clk 1:31:28]} 4. e3
{[%clk 1:29:28]} Bb7 {[%clk 1:30:21]} 5. Nge2 {[%clk 1:24:09]} f5
{[%clk 1:24:24]} 6. a3 {[%clk 1:20:32]} Bxc3+ {[%clk 1:24:25]} 7. Nxc3
{[%clk 1:20:55]} Nf6 {[%clk 1:24:50]} 8. f3 {[%clk 1:09:54]} Nh5 {[%clk 1:23:47]}
9. Qc2 {[%clk 1:01:12]} O-O {[%clk 1:23:41]} 10. Bd3 {[%clk 1:01:09]} Qh4+
{[%clk 1:24:06]} 11. Qf2 {[%clk 1:00:31]} Qe7 {[%clk 1:24:32]} 12. O-O
{[%clk 0:57:57]} d6 {[%clk 1:24:02]} 13. b4 {[%clk 0:49:18]} Nd7 {[%clk 1:20:00]}
14. Bb2 {[%clk 0:47:11]} f4 {[%clk 0:55:25]} 15. e4 {[%clk 0:36:06]} e5
{[%clk 0:52:39]} 16. d5 {[%clk 0:27:35]} Rf6 {[%clk 0:46:18]} 17. Nb5
{[%clk 0:21:45]} Nf8 {[%clk 0:45:28]} 18. c5 {[%clk 0:20:23]} a6 {[%clk 0:34:52]}
19. cxd6 {[%clk 0:20:42]} cxd6 {[%clk 0:35:18]} 20. Nc3 {[%clk 0:21:06]} Rh6
{[%clk 0:32:11]} 21. Ne2 {[%clk 0:19:32]} Qd8 {[%clk 0:25:58]} 22. Rfc1
{[%clk 0:18:59]} Ng6 {[%clk 0:26:15]} 23. Bc3 {[%clk 0:15:47]} Nh4
{[%clk 0:20:59]} 24. Be1 {[%clk 0:16:03]} Nf6 {[%clk 0:21:24]} 25. g3
{[%clk 0:10:26]} fxg3 {[%clk 0:20:22]} 26. hxg3 {[%clk 0:10:40]} Rg6
{[%clk 0:19:01]} 27. Kh1 {[%clk 0:06:20]} Qd7 {[%clk 0:18:32]} 28. Ng1
{[%clk 0:05:50]} Nxf3 {[%clk 0:18:56]} 29. Nxf3 {[%clk 0:04:14]} Rf8
{[%clk 0:18:32]} 30. Kg1 {[%clk 0:03:01]} Nh5 {[%clk 0:17:05]} 31. Qg2
{[%clk 0:01:09]} Nf4 {[%clk 0:11:57]} 32. Qd2 {[%clk 0:00:41]} Qh3
{[%clk 0:11:15]} 33. Bf1 {[%clk 0:00:40]} Rxg3+ {[%clk 0:11:36]} 34. Bxg3
{[%clk 0:01:05]} Qxg3+ {[%clk 0:12:02]} 35. Bg2 {[%clk 0:01:28]} Nh3+
{[%clk 0:12:26]} 36. Kh1 {[%clk 0:00:33]} Nf2+ {[%clk 0:12:38]} 37. Kg1
{[%clk 0:01:02]} Rxf3 {[%clk 0:12:52]} 38. Rf1 {[%clk 0:00:31]} Nh3+ 39. Kh1 Nf2+
{[%clk 0:07:35]} 40. Kg1 {[%clk 0:31:24]} Nh3+ {[%clk 0:37:52]} 41. Kh1
{[%clk 0:31:36]} Rd3 {[%clk 0:32:46]} 42. Qe1 {[%clk 0:26:06]} Qg4
{[%clk 0:31:56]} 43. Ra2 {[%clk 0:19:15]} Nf4 {[%clk 0:28:17]} 44. Qc1
{[%clk 0:17:03]} Rg3 {[%clk 0:25:29]} 45. Rxf4 {[%clk 0:08:48]} exf4
{[%clk 0:25:25]} 46. Qc7 {[%clk 0:08:35]} h5 {[%clk 0:23:15]} 47. Qxd6
{[%clk 0:03:17]} f3 {[%clk 0:23:06]} 48. Bf1 {[%clk 0:03:34]} Rg1+
{[%clk 0:22:55]} 49. Kh2 {[%clk 0:04:03]} Rxf1 {[%clk 0:23:15]} 0-1